000 00768nam a22001577a 4500
003 OSt
005 20150918104714.0
008 150918b xxu||||| |||| 00| 0 eng d
040 _cRUA
082 _aAGR PEN 2005 B032 Or.1
100 _9740
_aPENH, SOVANNARATH.
245 _aEffect of liquid organic fertilizer on celery cabbage yield under greenhouse condition at the royal university of agriculture, (ឥទ្ធិពលជីធម្មជាតិទឺកលើដំណាំស្ពៃចង្កឺះក្នុងលក្ខខណ្ឌ័ផ្ទះពិសោធន៏នៅសាកលវិទ្យាល័យភូមិន្ទកសិកម្ម)
260 _aPhnom Penh
_bRUA
_c2005
300 _axi, 47p.
_bill.
_c29cm.
942 _2ddc
_cAGR
999 _c712
_d712